Chantaje mortal /

Guardado en:
Autor Principal: Stine, R. L.
Formato: Libro
Publicado: Barcelona : Zeta, 1998
Series:La calle del terror; No. 6
Materias:
Etiquetas: Agregar Etiqueta
Sin Etiquetas, Sea el primero en etiquetar este registro!
LEADER 00655nam a22002415a 4500
001 CEM.cems012808
005 20080331124236.0
008 130507s1998##################000#0#####d
003 CEMS
020 |a 8440663323 
082 0 4 |a 813.5 
100 1 |a Stine, R. L. 
245 1 0 |a Chantaje mortal /  |c R. L. Stine 
260 |a Barcelona :  |b Zeta,  |c 1998 
300 |a 143 p. 
490 0 |a La calle del terror; No. 6 
653 |a Literatura 
653 |a Literatura juvenil 
653 |a Novelas 
653 |a Novelas juveniles 
653 |a Literatura norteamericana 
653 |a Novelas de terror 
859 |a CEMS  |b BIB. CEMS - 11 de abril  |h 813.5  |i St52  |p 25065.08  |t Ej.1